| 000 | 00511nam a2200121Ia 4500 | ||
|---|---|---|---|
| 008 | 220615s9999||||xx |||||||||||||| ||und|| | ||
| 245 | 0 | _aRefugees and the violence of welfare bureaucracies in Northern Europe | |
| 546 | _aEnglish[eng] | ||
| 650 | _arefugees||welfare state||bureaucracy||violence||Sweden||Denmark||Germany||UK||Norway||power | ||
| 700 | _aAbdelhady, Dalia||Gren, Nina||Joormann, Martin | ||
| 856 | _uhttps://library.oapen.org/bitstream/20.500.12657/42643/1/9781526146847_fullhl.pdf | ||
| 942 | _cEB | ||
| 999 |
_c10586 _d10586 |
||